Quiz der vielen Sachen - Statistiken

Allgemein
  • Dieses Quiz wurde 57 mal gespielt
  • Das Durchschnittsergebnis liegt bei 8 aus 21
Antwortstatistiken
Frage Antwort % Korrekt
Land mit den meisten Einwohnern Indien
96%
Religion mit den meisten Anhängern Christentum
90%
Häufigstes Haustier in Deutschland Katze
78%
Meisten Tore in der Fußball-Bundesliga der Männer Gerd Müller
56%
Fußballer mit den meisten Hattricks in der Bundesliga Gerd Müller
56%
Meisten Tore bei Fußball-WM der Männer Miroslav Klose
48%
Häufigstes Insekt der Welt Ameise
46%
Häufigstes Element im Sonnensystem Wasserstoff
46%
Youtube Kanal mit den meisten Abonnenten MrBeast
36%
Person mit den meisten Followern bei Instagram Cristiano Ronaldo
32%
Meiste Punkte in der NBA LeBron James
32%
Dartspieler mit den meisten WM Titeln Phil Taylor
32%
Häufigstes Metall der Welt Aluminium
20%
Fußball-Verein mit den meisten Zuschauern weltweit Borussia Dortmund
18%
Häufigstes Säugetier der Welt Mensch
18%
Fußballer mit den meisten gelben Karten in der Bundesliga Steffen Effenberg
18%
Häufigstes Verkehrsschild in Deutschland Vorfahrt gewähren
16%
Person mit den meisten Oscar Walt Disney
14%
Meiste monatliche Hörer bei Spotify Bruno Mars
4%
Häufigstes Tier der Welt Fadenwürmer
0%
Deutsche Stadt mit den meisten Sonnenstunden Offenburg
0%
Keine übereinstimmenden Quizze gefunden
Verteilung der Resultate
Anzahl Personen mit jedem Resultat
Perzentil nach korrekt beantworteten Fragen
Ihre Resultats-Entwicklung
Sie haben dieses Quiz noch nicht gespielt